[Event "Alushta Rapid op"]
[Site "Alushta"]
[Date "2023.07.11"]
[Round "3"]
[White "Alimzhanov, Amir"]
[Black "Skorobogatykh, Andrey"]
[Result "1-0"]
[WhiteElo "1071"]
[BlackElo "1970"]
[PlyCount "25"]
[EventDate "2023.07.11"]
[EventType "swiss (rapid)"]
[EventRounds "11"]
[EventCountry "UKR"]
[SourceTitle "CBM 215 Extra"]
[Source "ChessBase"]
[SourceDate "2023.09.30"]
[SourceVersion "1"]
[SourceVersionDate "2023.09.30"]
[SourceQuality "1"]

1. e4 c5 2. Nf3 e6 3. d4 d5 4. Be2 Bd6 5. 0-0 Ne7 6. Nbd2 0-0 7. Ne5 f6 8. Nef3 g5 9. h3 Qc7 10. Re1 b5 11. exd5 exd5 12. b3 Bf5 13. a3 1-0